000 00385nam a22001697a 4500
003 MPLRDC
005 20220104144414.0
008 210129b ||||| |||| 00| 0 eng d
082 _a880.5 GOG c.2
100 _a果戈理著, 鲁迅译
245 _a死魂灵
_c
250 _a初版
260 _a
_b建文书局
_c1959
300 _b
650 _a
942 _cBK
_o880.5 GOG c.2
999 _c49294
_d49284